000 00758nam a22002297a 4500
003 UA-OsUOA
001 26548
007 ta
008 20040607b un ||||| |||| 00| 0 ukr d
090 _a548
_bА38
942 _cBK
040 _aUA-OsUOA
_brus
_cUA-OsUOA
_dUA-OsUOA
245 _aАкадемику Дмитрию Степановичу Белянкину к семидесятилетию со дня рождения и сорокапятилетию научной деятельности
_cРед. А.Е.Ферсман
300 _a680 с.
955 _a0
041 _arus
080 _a548
260 _aМосква
_bИздательство Академии Наук СССР
_c1946
044 _aRU
650 7 _2UDC
999 _c312873
_d312873